000 00787nam a2200193 a 4500
008 160425s2011 ||||||||||||||||| || u
020 _a9781439840221
050 _aJF 1525.P67 Tee
100 _aTeeuwen, Bert
245 1 0 _aLean for the public sector: the pursuit of perfection in government services
_cBy Bert Teeuwen
260 _aNew York
_bCRC Press
_c2011
300 _axvii, 205p.: ill.
350 _a37.95
650 _aGOVERNMENT PRODUCTIVITY -- MEASUREMENT
650 _aGovernment productivity
650 _aADMINSTRATIVE AGENCIES--REORGANIZATION
650 _aEXECUTIVE DEPARTMENTS -- REORGANIZATION
995 _FCBU-MAIN LIBRARY (Kitwe)
_I37.95
_M1
_UAVAILABLE
_WMay 5, 2016
_ZMain Library Open Access Collection
999 _c49000
_d49000